000 00389nam a22001217a 4500
999 _c10063
_d10063
003 OSt
008 201218b ||||| |||| 00| 0 eng d
245 _aCOLLNET Journal of Scientometrics and Information Management
250 _a2015(Jun Vol.9 No.1, Dec Vol.9 No.2) 2016(Jun Vol.10 No.1, Dec Vol.10 No.2)
260 _aNew Delhi
_bTaru Publications
650 _aManagement
942 _2ddc
_cBV